Speed sensorless control of induction motor using direct field orientation for low-zero speed operation /
Saved in:
| Main Author: | |
|---|---|
| Format: | Thesis Book |
| Language: | English |
| Published: |
1999.
|
| Subjects: | |
| Tags: |
Add Tag
No Tags, Be the first to tag this record!
|
| LEADER | 00955cam a2200229 a 4500 | ||
|---|---|---|---|
| 001 | u683577 | ||
| 003 | SIRSI | ||
| 008 | 991117s1999 si v 00 0 eng m | ||
| 035 | |a ACK-0700 | ||
| 040 | |a UMM | ||
| 090 | |a TK7 |b NUSP 1999 Sng | ||
| 100 | 1 | 0 | |a Sng, Kenneth Eng Kian. |
| 245 | 1 | 0 | |a Speed sensorless control of induction motor using direct field orientation for low-zero speed operation / |c Sng Eng Kian Kenneth. |
| 260 | |c 1999. | ||
| 300 | |a xx, 254 leaves : |b ill. ; |c 30 cm. | ||
| 502 | |a Thesis (Ph.D.) -- Dept. of Electrical & Computer Engineering, Faculty of Engineering, National University of Singapore, 1999. | ||
| 504 | |a Bibliography: p. 250-254. | ||
| 650 | 0 | |a Electric motors |x Electronic control. | |
| 650 | 0 | |a Electric motors, Direct current. | |
| 948 | |a 03/05/2000 |b 02/01/2004 | ||
| 596 | |a 1 | ||
| 999 | |a TK7 NUSP 1999 SNG |w LC |c 1 |i A509520834 |d 31/12/2011 |e 31/12/2011 |f 3/7/2006 |g 1 |l B_KOM4 |m P01UTAMA |n 2 |r Y |s Y |t TESIS |u 14/2/2005 |o .PUBLIC. BKOM 4 : 46061 | ||
